000 00802na a2200205 4500
001 13338
003 MIRAKIL
005 20181213154803.0
008 161025b tu 000 0
040 _aMilas
_btur
_cTR-AnCHP
041 _atur
082 _a305.4
_bB56 [t.y.]
090 _a305.4 B56 [t.y.]
245 _aBirleşmiş Milletler Kadınlara Karşı Ayrımcılığın Önlenmesi Komitesine (CEDAW) sunulan 2. ve 3. birleşmiş dönemsel ülke raporu
_bSunumu, savunulması ve komitenin değerlendirmeleri
_cKadının Statüsü Ve Sorunları Genel Müdürlüğü
260 _a[Ankara]
_bKadının Statüsü ve Sorunları Genel Müdürlüğü
_c[t.y.]
300 _a178 s.
_c19 sm.
650 _aKadının statüsü
_yÜlke raporları
650 _aAyrımcılık
_xKadınlar
942 _2ddc
_cBKS
999 _c859
_d859